000 00734nam a2200289Ia 4500
005 20260324114934.0
008 008 260324s9999 xx 000 0 eng d
020 _a9781003034339
037 _aEBOOK
040 _aCRL
040 _beng
040 _cCRL
041 _2eng
041 _aeng
084 _qCRL
100 _aPaul Cerrato; John Halamka
_91151836
245 0 _aReinventing Clinical Decision Support
245 0 _bData Analytics, Artificial Intelligence, and Diagnostic Reasoning
260 _bTaylor and Francis
260 _c2020
365 _a
365 _b120
856 _uhttp://www.taylorfrancis.com/books/9781003034339
942 _cEBOOK
999 _c1743238
_d1743238